Регионална библиотека "Любен Каравелов" - Русе

Острието на Самурая (Запис номер 197560)

MARC детайли
000 -Лидер
Контролно поле с фиксирана дължина 01578nam a2200361 a 4500
003 - Код на организацията, давaща контролен номер
Контролно поле BLK
005 - Дата и час на последна редакция
Контролно поле 20250117132905.0
008 - Елементи от данни с фиксирана дължина
fixed length control field 180411b bul|||||r ||||||| ||bul||
010 ## - Наследен системен номер
LC control number KNG00206841000
020 ## - Международен стандартен номер на книга ISBN
Международен стандартен номер на книга ISBN 978-954-398-471-8
040 ## - Източник на каталожния запис
Идентификатор на билиотеката - собственик на записа BLK
041 ## - Код за език
Код за езика на текст/звукозапис или на отделно заглавие Български
Код за езика КДБФ Български
072 #7 - Код за тематичната категория
Код организация bullib
Код за тематична категория Н83
Текст Чужда художествена литература Н
080 ## - УДК
Текстов определител УДК Американска литература (на САЩ)
УДК код - определител по УДК 821.111(73)
УДК определител -312.4
УДК - код + определител 821.111(73)-312.4
100 1# - Редна дума - Автор
Автор Спан, Сюзън
Автор - информация (биография) Американски писател
Авторска отговорност първи автор
R(LIN) 122416
139 ## - Редно поле
Редна дума Спан, Сюзън
Авторски знак Сп - С 55
245 10 - Сведения за заглавието
Заглавие Острието на Самурая
Редно поле (дума) Сюзън Спан; прев. Антония Колева Стоянова.
257 ## - Страна на издаване
Страна на създаване/издаване Съединени американски щати
260 ## - Област на издателските данни
Име на издателя, разпространителя и проч. Труд
Година на издаване 2016
Печатница София : Бетпринт
300 ## - Физическа характеристика
Страници 248 с.
Размери/Мащаб 21 см
380 ## - Жанр
Жанр Худож. лит.
500 ## - Общи забележки
Забележка Ориг. загл.: Blade of the Samurai / Susan Spann. - Името на прев. отбелязано на гърба на предзагл. с. - Кн. 2 от поредицата Разследванията на шиноби. - Речник на използваните яп. думи: с. 245-247.
659 ## - Тематичен бюлетин
Тематичен бюлетин Н
700 1# - Други автори (авторска отговорност)
Лично име Стоянова, Антония Колева
Автороска отговорност (Описва отношението между автора и произведението) прев.
9 (RLIN) 385724
852 ## - Местоположение
Форматна сигнатура Цб 285724
856 4# - Електронен адрес и достъп
Електронен формат pdf - файл
856 4# - Електронен адрес и достъп
Електронен формат pdf - файл
999 ## - СИСТЕМНИ КОНТРОЛНИ НОМЕРА
Koha biblionumber 197560
Koha biblioitemnumber 197560
942 ## - АРТИКУЛИ
Вид на библиотечния материал Книги
Скрит в OPAC Не
Koha issues (borrowed), all copies 17
944 ## - СЪЗДАВАНЕ И РЕДАКЦИЯ на ЗАПИСА
Създаване/Редакция Създаване
Дата на регистрацията/редакция 25.05.2017
Служител, извършил регистрацията/редакцията 30560
Статус, дата на статуса Геновева Генчева
944 ## - СЪЗДАВАНЕ И РЕДАКЦИЯ на ЗАПИСА
Създаване/Редакция Редакция
Дата на регистрацията/редакция 10.10.2017
Служител, извършил регистрацията/редакцията Виолета_Тройчева
999 ## - СИСТЕМНИ КОНТРОЛНИ НОМЕРА
Koha biblioitemnumber 197560
999 ## - СИСТЕМНИ КОНТРОЛНИ НОМЕРА
Koha biblioitemnumber 197560
Наличности
Код за отписване Код за изгубен артикул Източник на класификационната схема Код за повреда Коз за рестрикции Код за отдаване Артикулен № Име на библиотеката - собственик Име на библиотеката, в която се намира в момента Статус (Текущо местоположение) Дата на вписване в системата Местоположение - отдел Цена в лева Инвентарен номер Систематично азбучна сигнатура Баркод Номер на екземпляра Цена в евро Служебна бележка Служебен тип на артикула
  Не е изгубен Universal Decimal Classification Не е повреден без рестрикции ползва се в читалня 343918 Регионална библиотека "Любен Каравелов" Русе Регионална библиотека "Любен Каравелов" Русе Хранилище 2017-05-30 Хранилище 12.99 120000811746 Цб 285724 120000811746 1 6.64 Дост: Dp Вид: Д N: 17 Дата: 31.03.2017 Книги
  Не е изгубен Universal Decimal Classification Не е повреден   заемане за дома 677657 Регионална библиотека "Любен Каравелов" Русе Регионална библиотека "Любен Каравелов" Русе Заемна - подръчен фонд 2018-06-19 Заемна - подръчен фонд 12.99 120000821175 П 820(73)-31/С 55 120000821175   6.64   Книги
Vip Innovations Ltd, Rousse, Bulgaria 2025